NFL quiz - Statistics

General Stats
  • This quiz has been taken 99 times
  • The average score is 8 of 11
Answer Stats
Hint Answer % Correct
Which QB has the most Superbowl wins (5) Tom Brady
99%
What team has the most Superbowl wins Steelers
94%
What was Peyton Manning's Jersey # 18
89%
What team went undefeated and won the Superbowl the same season Dolphins
89%
which running back has 18,355 rushing yards(retired) Emmitt Smith
79%
What player has 200 sacks and (retired) Bruce Smith
78%
What NFL QB has the most passes attempted in their NFL career (retired) Brett favre
72%
Which QB has the highest career Passing percentage Drew Brees
67%
Who has a total of 208 touchdowns in their NFL career (retired) Jerry Rice
64%
Name the two teams tied with the most Superbowl losses (type them both)(like Bengals lions) Broncos Patriots
12%
Who has the most punt/kick returns in NFL history (19,013) Brian Mitchell
8%
No matching quizzes found
Score Distribution
Percent of People with Each Score
Percentile by Number Answered
Your Score History
You have not taken this quiz